Online
Catalog

Historia de la pedagogía / (Record no. 23833)

MARC details
000 -CABECERA
campo de control de longitud fija 01177nam a2200313 a 4500
001 - NÚMERO DE CONTROL
campo de control 000024340
005 - FECHA Y HORA DE LA ÚLTIMA TRANSACCIÓN
campo de control 20200930022927.0
008 - DATOS DE LONGITUD FIJA--INFORMACIÓN GENERAL
campo de control de longitud fija 110126s1974 sp r 000 | spa d
020 ## - NÚMERO INTERNACIONAL ESTÁNDAR DEL LIBRO
ISBN cancelado o inválido 8428102543
040 ## - FUENTE DE LA CATALOGACIÓN
Centro catalogador/agencia de origen DO-SdBNP
Lengua de catalogación spa
Centro/agencia transcriptor BNPHU
041 17 - CÓDIGO DE LENGUA
Código de lengua del texto/banda sonora o título independiente fre
Código de lengua original spa
Fuente del código Código de idioma MARC
082 ## - NÚMERO DE LA CLASIFICACIÓN DECIMAL DEWEY
Número de clasificación 370.944
Número de documento/Ítem S675h
049 ## - FONDOS LOCALES (OCLC)
Fondos de biblioteca BNRG
100 1# - ENTRADA PRINCIPAL--NOMBRE DE PERSONA
Nombre de persona Snyders, Georges
9 (RLIN) 49915
240 10 - TÍTULO UNIFORME
Título uniforme Traité des sciencies pédagogiques. Histoire de la pédagogie.
Lenguaje de la obra Español
245 10 - MENCIÓN DE TÍTULO
Título Historia de la pedagogía /
Mención de responsabilidad, etc. Georges Snyders, Antoine Léon, Jean Vial.
260 ## - PUBLICACIÓN, DISTRIBUCIÓN, ETC.
Lugar de publicación, distribución, etc. Barcelona, (España) :
Nombre del editor, distribuidor, etc. Oikos Tau Ediciones,
Fecha de publicación, distribución, etc. 1974.
300 ## - DESCRIPCIÓN FÍSICA
Extensión 292 p. ;
Dimensiones 20 cm.
500 ## - NOTA GENERAL
Nota general Primera edición de la lengua castellana, 1974
500 ## - NOTA GENERAL
Nota general Incluye notas al pie de páginas
500 ## - NOTA GENERAL
Nota general Incluye índice onomástico y topográfico
500 ## - NOTA GENERAL
Nota general Incluye referencias bibliográficas
534 ## - NOTA SOBRE LA VERSIÓN ORIGINAL
Encabezamiento principal del original Título original :
Mención de título del original Traité des sciencies pédagogiques. Histoire de la pédagogie
650 #4 - PUNTO DE ACCESO ADICIONAL DE MATERIA--TÉRMINO DE MATERIA
Término de materia o nombre geográfico como elemento de entrada Pedagogía
Subdivisión general Historia
Subdivisión geográfica Francia
9 (RLIN) 49916
650 #4 - PUNTO DE ACCESO ADICIONAL DE MATERIA--TÉRMINO DE MATERIA
Término de materia o nombre geográfico como elemento de entrada Educación
Subdivisión general Historia
9 (RLIN) 7857
650 #4 - PUNTO DE ACCESO ADICIONAL DE MATERIA--TÉRMINO DE MATERIA
Término de materia o nombre geográfico como elemento de entrada Pedagogía
Subdivisión general Historia
9 (RLIN) 49917
700 1# - PUNTO DE ACCESO ADICIONAL--NOMBRE DE PERSONA
Nombre de persona Léon, Antoine
9 (RLIN) 49918
700 1# - PUNTO DE ACCESO ADICIONAL--NOMBRE DE PERSONA
Nombre de persona Vial, Jean
9 (RLIN) 49919
Holdings
Estado de retiro Estado de pérdida Restricciones de uso No para préstamo Código de colección Localización permanente Ubicación/localización actual Ubicación en estantería Fecha de adquisición Número de inventario Total de préstamos Signatura topográfica completa Código de barras Fecha visto por última vez Precio válido a partir de Tipo de ítem Koha
        Monografías: Libros y Folletos General General En catalogación 26.01.2011 LF1   370.944 S675h 24340-10 25.06.2020 25.06.2020 Préstamo en sala

Powered by Koha